000 00423nam a2200145 i 4500
001 bg
100 1 _aIszkowski, Wacław
_d(1949- ).
245 0 _aLogos - generator systemów operacyjnych dla SM4 :
_blaboratorium /
_cWacław Iszkowski, Paweł Grzegorzewicz.
260 _aWarszawa,
_c1989.
700 1 _aGrzegorzewicz, Paweł.
040 _cBPK
041 _apol
942 _cKS
008 s pl f |000 0 pol
999 _c4081
_d4081
856 _uhttp://koha.tu.koszalin.pl/cgi-bin/koha/opac-detail.pl?biblionumber=4081
_yKatalog online BPK